Ulice w Gdańsku zaczynające się na Z - Statystyki

Ogólne statystyki
  • Ten quiz został rozwiązany 9 razy
  • Średni wynik to 20 z 69
Statystyki odpowiedzi
Odpowiedź % Poprawnych
Złota
80%
Zakopiańska
60%
Zawrotna
60%
Zbąszyńska
60%
Zielna
60%
Zielona
60%
Zimna
60%
Zosi
60%
Zwycięstwa
60%
Zabytkowa
40%
Zacna
40%
Zagrodowa
40%
Zajęcza
40%
Zakole
40%
Zalesie
40%
Zamenhofa
40%
Zamknięta
40%
Zamkowa
40%
Za Murami
40%
Zaruskiego
40%
Zawiszy Czarnego
40%
Zawodników
40%
Zelwerowicza
40%
Zeusa
40%
Zgody I
40%
Zgody II
40%
Zielonogórska
40%
Zielony Stok
40%
Zielony Trójkąt
40%
Zielony Zakątek
40%
Ziemowita
40%
Złota Karczma
40%
Złotników
40%
Zuchów
40%
Zwierzyniecka
40%
Zagroble
20%
Załogowa
20%
Zamiejska
20%
Zamojska
20%
Zaroślak
20%
Zator-Przytockiego
20%
Zaułek Św. Bartłomieja
20%
Zawiejska
20%
Zawilcowa
20%
Zawodzie
20%
Zbieżna
20%
Zbyszka z Bogdańca
20%
Zbytki
20%
Zenitowa
20%
Zielone Wzgórze
20%
Złotowska
20%
Związkowa
20%
Zwierkowskiego
20%
Zabłockiego
0%
Zabłotna
0%
Zacisze
0%
Zagony
0%
Zagórna
0%
Zakoniczyńska
0%
Zakosy
0%
Zaścianek
0%
Zatokowa
0%
Zaułek Ormiański
0%
Zaułek Zappio
0%
Zawackiej
0%
Zawiślańska
0%
Zdrojowa
0%
Zubrzyckiego
0%
Związku Jaszczurczego
0%
Nie znaleziono quizów pasujących do podanych kryteriów
Rozkład punktacji
Procent ludzi z każdym wynikiem
Percentyl według liczby udzielonych odpowiedzi
Twoja historia wyników
Nie rozwiązałeś tego quizu